| 000 | 00378nam a2200157Ia 4500 | ||
|---|---|---|---|
| 005 | 20251020182609.0 | ||
| 008 | 200515s9999 xx 000 0 und d | ||
| 082 | _aSC/621.314.15/P87 | ||
| 110 | _aMinisterio de Vivienda y Construcción | ||
| 245 | 0 | _aNúcleo Sanitario Previ | |
| 260 | _aLima | ||
| 260 | _cs.a. | ||
| 300 | _a98 | ||
| 650 | _aNUCLEO SANITARIO | ||
| 942 | _cLIB | ||
| 999 |
_c3281 _d3281 |
||